| 000 | 00573nam a2200181Ia 4500 | ||
|---|---|---|---|
| 008 | 100921s9999 xx 000 0 und d | ||
| 082 |
_b19485 _a891.468 थ 85 |
||
| 100 | _aजोशी विमला. | ||
| 245 | _aपाऊलखुणा. | ||
| 260 |
_bप्रपंच प्रकाशन, पुण्ेा. _c1985 |
||
| 300 |
_a160 _b--- |
||
| 365 | _b40 | ||
| 520 | _aललित-संकीर्ण. | ||
| 630 | _aपाऊलखुणा. | ||
| 650 | _aललित-संकीर्ण. | ||
| 730 | _aपाऊलखुणा. | ||
| 942 | _cBOOK | ||
| 999 |
_c768598 _d768595 |
||